Feasiblity study for establishing ecotouris site in phnom kravanh district, pursat province, លទ្ធភាពបង្កើតតំបន់អេកូទេសចរណ័ នៅស្រុកភ្នំក្រវាញ ខេត្តពោធិ៍សាត់ (Record no. 5543)

000 -LEADER
fixed length control field 00657nam a22001337a 4500
040 ## - CATALOGING SOURCE
Transcribing agency RUA
082 ## - DEWEY DECIMAL CLASSIFICATION NUMBER
Classification number LMA REM 2010 B302 Or.1
100 ## - MAIN ENTRY--AUTHOR NAME
Personal name REM RATYA; រ៉ែម រត្យា
245 ## - TITLE STATEMENT
Title Feasiblity study for establishing ecotouris site in phnom kravanh district, pursat province, លទ្ធភាពបង្កើតតំបន់អេកូទេសចរណ័ នៅស្រុកភ្នំក្រវាញ ខេត្តពោធិ៍សាត់
260 ## - PUBLICATION, DISTRIBUTION, ETC. (IMPRINT)
Place of publication Phnom Penh
Name of publisher RUA
Year of publication 2010
300 ## - PHYSICAL DESCRIPTION
Number of Pages x ;48p.
Other physical details ill.
Dimensions 29cm.
856 ## - ELECTRONIC LOCATION AND ACCESS
Uniform Resource Identifier https://drive.google.com/file/d/1-6lGgiygFfXOuydNcYKLzh3e46GFcU4L/view?usp=sharing
942 ## - ADDED ENTRY ELEMENTS (KOHA)
Koha item type LMA
952 ## - LOCATION AND ITEM INFORMATION (KOHA)
Withdrawn status [LOCAL, KOHA] 0
952 ## - LOCATION AND ITEM INFORMATION (KOHA)
Withdrawn status [LOCAL, KOHA] 0
952 ## - LOCATION AND ITEM INFORMATION (KOHA)
Withdrawn status [LOCAL, KOHA] 0
952 ## - LOCATION AND ITEM INFORMATION (KOHA)
Withdrawn status [LOCAL, KOHA] 0
952 ## - LOCATION AND ITEM INFORMATION (KOHA)
Withdrawn status [LOCAL, KOHA] 0
952 ## - LOCATION AND ITEM INFORMATION (KOHA)
Withdrawn status [LOCAL, KOHA] 0
952 ## - LOCATION AND ITEM INFORMATION (KOHA)
Withdrawn status [LOCAL, KOHA] 0
952 ## - LOCATION AND ITEM INFORMATION (KOHA)
Withdrawn status [LOCAL, KOHA] 0
952 ## - LOCATION AND ITEM INFORMATION (KOHA)
Withdrawn status [LOCAL, KOHA] 0
Holdings
Permanent Location Date acquired Koha item type Lost status Shelving location Barcode Current Location Full call number
Library Block B2016-01-03LMA B302RUA046628Library Block BLMA REM 2010 B302 Or.1
Library Block B2016-01-03LMA B302RUA017212Library Block BLMA REM 2010 B302 Or.2
Library Block B2016-01-03LMA B302RUA017102Library Block BLMA REM 2010 B302 Or.3
Library Block B2016-01-03LMA B302RUA017210Library Block BLMA REM 2010 B302 Or.4
Library Block B2016-01-03LMA B302RUA010352Library Block BLMA REM 2010 B302 Or.5
Library Block B2016-01-03LMA B302RUA010138Library Block BLMA REM 2010 B302 Or.6
Library Block B2016-01-03LMA B302RUA010273Library Block BLMA REM 2010 B302 Or.7
Library Block B2016-01-03LMA B302RUA010201Library Block BLMA REM 2010 B302 Or.8
Library Block B2016-01-27LMA  RUA042484Library Block BLMA REM 2010 B302 Or.9
មជ្ឈមណ្ឌលឯការនៃសាកលវិទ្យាល័យភូមិន្ទកសិកម្មចំការដូង

Powered by Koha